000 00464nam a2200157Ia 4500
008 210716s2005 xx 000 0 und d
020 _a817808046X
041 _aeng
082 _a005.453 AHOA
100 _aAho, Alfred V;Sethi, Ravi;Ullman,Jeffrey D.
245 _aCompilers: principles techniques and tools.
_bPrinciples techniques and tools.
250 _a1
260 _aNew Delhi
_bPearson Education
_c2005
300 _a780
650 _aCompilers(005.453)
999 _c187162
_d187162